El Caribe y la Unión Europea: un nuevo balance /
El artículo efectúa un balance general sobre el estado de las relaciones entre la Unión Europea y el Caribe. Es momento de aprovechar las instancias de alto nivel abiertas en las cumbres UE-ALC, para tratar de redefinir los marcos estratégicos de los vínculos. El Caribe debería considerar con audaci...
Gardado en:
| Autor Principal: | |
|---|---|
| Formato: | Texto |
| Materias: | |
| Etiquetas: |
Engadir etiqueta
Sen Etiquetas, Sexa o primeiro en etiquetar este rexistro!
|
MARC
| LEADER | 00000 a a2200000 04500 | ||
|---|---|---|---|
| 001 | 10738 | ||
| 003 | |||
| 040 | |||
| 100 | |a Martínez Piva, Juan Carlos | ||
| 245 | |a El Caribe y la Unión Europea: |b un nuevo balance / |c Juan Carlos Martínez Piva | ||
| 520 | |a El artículo efectúa un balance general sobre el estado de las relaciones entre la Unión Europea y el Caribe. Es momento de aprovechar las instancias de alto nivel abiertas en las cumbres UE-ALC, para tratar de redefinir los marcos estratégicos de los vínculos. El Caribe debería considerar con audacia e imaginación el estado de las relaciones y proponer cambios en los acuerdos económicos existentes que permitan mejores posibilidades de desarrollo | ||
| 650 | |a RELACIONES INTERNACIONALES | ||
| 650 | |a ACUERDOS ECONOMICOS | ||
| 650 | |a COMERCIO | ||
| 650 | |a EXPORTACIONES | ||
| 773 | |g número 190; páginas 110-116 | ||
| 999 | |c 19598 |d 19598 | ||
